| 000 | 00704nam a22001937a 4500 | ||
|---|---|---|---|
| 999 |
_c180271 _d180271 |
||
| 005 | 20210804130036.0 | ||
| 010 | _aUR-11170 | ||
| 020 |
_c250.00 _a9789385849091 |
||
| 035 | _aU-9725 | ||
| 037 | _bDBAD/PUB | ||
| 082 | _aک | ||
| 100 | _aز ر ينہ ا لما س | ||
| 245 |
_aا شتيا ق سعيد کے ا فسا نے ا و ر ا ہل قلم کے تجز ۓ _cز ر ينہ ا لما س |
||
| 246 |
_aIshtiaqu Sayeed Ke Afsane Aur Ahle Qalam Ke Tajaziye (Urdu) _bby Zareena Almas |
||
| 260 |
_aThane _c2021 ء _bNews Town Publishers |
||
| 270 |
_aB-01,Mira Paradise CHS,Geeta NagarPhase-2Balaji Chowk,Mira Rd. _bThane _e401107 _l- |
||
| 300 |
_a208 ص _c22 Cm(Hb) |
||
| 942 |
_2ddc _cUR _kک _mز ر ي |
||